[Event "BRA-ch (Women) 62nd"]
[White "Tribess, Leticia Gabriele"]
[Black "Nagel, Yasmin Da Silva"]
[Site "Timbo"]
[Round "7"]
[Result "1/2-1/2"]
[Date "2023.11.03"]
[WhiteElo "1331"]
[BlackElo "1482"]
[PlyCount "116"]
[EventDate "2023.10.29"]
[EventType "swiss"]
[EventRounds "9"]
[EventCountry "BRA"]
[SourceTitle "CBM 217 Extra"]
[Source "ChessBase"]
[SourceDate "2024.01.31"]
[SourceVersion "1"]
[SourceVersionDate "2024.01.31"]
[SourceQuality "1"]

1. e4 e5 2. Nf3 Nc6 3. d4 exd4 4. Nxd4 Bc5 5. Nb3 Bb6 6. Bd3 Nge7 7. a3 d6 8. 0-0 0-0 9. Nc3 a6 10. Bg5 h6 11. Bh4 Qd7 12. Kh1 Ng6 13. Bg3 Bd4 14. Nxd4 Nxd4 15. f4 Nc6 16. Bc4 b5 17. Ba2 Kh8 18. f5 Nge5 19. Rf4 f6 20. Rh4 Kh7 21. Qh5 Qe8 22. Qxe8 Rxe8 23. Bxe5 Nxe5 24. Nd5 Ra7 25. Rd1 Bb7 26. Rh3 Ng4 27. Rf3 Rxe4 28. h3 Ne5 29. Rf2 Bc6 30. Ne7 Re3 31. Nxc6 Nxc6 32. Bd5 Ne7 33. Rf3 Re5 34. Be6 Re2 35. Rc3 Rf2 36. g4 Re2 37. Kg1 Re5 38. Kf2 d5 39. Re3 Rxe3 40. Kxe3 c6 41. Kd4 a5 42. Kc5 g6 43. fxg6+ Kxg6 44. Kb6 Ra8 45. Bd7 b4 46. Kb7 Rf8 47. Bxc6 Nxc6 48. Kxc6 Rc8+ 49. Kb5 Rxc2 50. Kxa5 bxa3 51. bxa3 Rc3 52. a4 Rxh3 53. Rxd5 h5 54. gxh5+ Rxh5 55. Rxh5 Kxh5 56. Kb6 f5 57. a5 f4 58. a6 f3 1/2-1/2

[Event "BRA-ch (Women) 62nd"]
[White "Ribeiro, Manuella Maia"]
[Black "Nagel, Yasmin Da Silva"]
[Site "Timbo"]
[Round "3"]
[Result "0-1"]
[Date "2023.10.30"]
[WhiteElo "1800"]
[BlackElo "1482"]
[PlyCount "118"]
[EventDate "2023.10.29"]
[EventType "swiss"]
[EventRounds "9"]
[EventCountry "BRA"]
[SourceTitle "CBM 217 Extra"]
[Source "ChessBase"]
[SourceDate "2024.01.31"]
[SourceVersion "1"]
[SourceVersionDate "2024.01.31"]
[SourceQuality "1"]

1. d4 Nf6 2. Bf4 g6 3. Nc3 Bg7 4. e4 d6 5. Qd2 Nbd7 6. f3 0-0 7. 0-0-0 Nb6 8. h4 Nh5 9. Bh6 Ng3 10. Rh2 Nxf1 11. Rxf1 Nc4 12. Qg5 f6 13. Qd5+ e6 14. Qxc4 Bxh6+ 15. Kb1 c6 16. g4 d5 17. Qd3 Bf4 18. Rh1 a5 19. Nh3 Bg3 20. Qe3 Qc7 21. h5 g5 22. f4 gxf4 23. Nxf4 Bxf4 24. Qxf4 Qxf4 25. Rxf4 b5 26. Rhf1 Kg7 27. exd5 exd5 28. Nd1 Bd7 29. Kc1 Rae8 30. Kd2 Re4 31. Rxe4 dxe4 32. Rf4 Re8 33. Ke3 c5 34. dxc5 Re5 35. Nc3 Rxc5 36. Rxe4 Kh6 37. Re7 Bxg4 38. Ne4 Rxc2 39. Kf4 Bxh5 40. Nxf6 Rf2+ 41. Ke5 Re2+ 42. Kd6 Rxe7 43. Kxe7 b4 44. Kd6 Bf7 45. a3 bxa3 46. bxa3 a4 47. Ke5 Kg6 48. Ng4 h5 49. Nf2 Kg5 50. Ne4+ Kg4 51. Nf6+ Kg3 52. Ke4 h4 53. Ke3 h3 54. Ne4+ Kg2 55. Nf2 h2 56. Ke2 Bc4+ 57. Ke3 Bb5 58. Nd3 Bxd3 59. Kxd3 h1Q 0-1

[Event "Florianopolis op-C"]
[White "Nagel, Yasmin Da Silva"]
[Black "Da Silva Junior, Jose Cacio"]
[Site "Florianopolis"]
[Round "1"]
[Result "1-0"]
[Date "2023.09.22"]
[WhiteElo "1493"]
[BlackElo "1745"]
[PlyCount "61"]
[EventDate "2023.09.22"]
[EventType "swiss"]
[EventRounds "6"]
[EventCountry "BRA"]
[SourceTitle "CBM 216 Extra"]
[Source "ChessBase"]
[SourceDate "2023.11.30"]
[SourceVersion "1"]
[SourceVersionDate "2023.11.30"]
[SourceQuality "1"]

1. e4 d5 2. exd5 Qxd5 3. Nc3 Qa5 4. d4 c6 5. Nf3 Nf6 6. h3 Bf5 7. Bd2 e6 8. a3 Be7 9. Ne4 Qc7 10. Nxf6+ Bxf6 11. c3 0-0 12. Bg5 Nd7 13. Bd3 Rae8 14. 0-0 h6 15. Bxf5 exf5 16. Bxf6 Nxf6 17. Ne5 c5 18. Qb3 Ne4 19. Rad1 Kh7 20. Nf3 g5 21. Qd5 b6 22. Qxf5+ Kg7 23. Ne5 Nd6 24. Qd7 Re7 25. Qxc7 Rxc7 26. dxc5 Nf5 27. cxb6 axb6 28. Rd7 Rc5 29. Nf3 Kf6 30. g4 Ng7 31. Rd6+ 1-0

[Event "Caioba op 7th"]
[White "Cezar, Ricardo de Almeida"]
[Black "Nagel, Yasmin Da Silva"]
[Site "Caioba"]
[Round "6"]
[Result "1-0"]
[Date "2023.06.22"]
[WhiteElo "1797"]
[BlackElo "1496"]
[PlyCount "57"]
[EventDate "2023.06.18"]
[EventType "swiss"]
[EventRounds "9"]
[EventCountry "BRA"]
[SourceTitle "CBM 214 Extra"]
[Source "ChessBase"]
[SourceDate "2023.07.31"]
[SourceVersion "1"]
[SourceVersionDate "2023.07.31"]
[SourceQuality "1"]

1. d4 Nf6 2. c4 d6 3. Nc3 g6 4. e4 Bg7 5. Nf3 0-0 6. Be2 Bg4 7. Be3 a5 8. 0-0 Bxf3 9. Bxf3 Nfd7 10. e5 Nc6 11. exd6 cxd6 12. Qd2 e5 13. Nb5 f5 14. Bd5+ Kh8 15. f4 Qe7 16. fxe5 dxe5 17. Nc7 exd4 18. Bg5 Qc5 19. Ne6 Qb6 20. Nxg7 Kxg7 21. Bh6+ Kh8 22. Bxf8 Rxf8 23. Kh1 Nde5 24. Qh6 Qb4 25. h3 Nd3 26. Bxc6 bxc6 27. Rad1 Nxb2 28. Rxd4 Re8 29. Rd7 1-0

[Event "Santa Maria op 3rd"]
[White "Nagel, Yasmin Da Silva"]
[Black "Santos, Leonardo Bortolotti"]
[Site "Santa Maria de Jetiba"]
[Round "1"]
[Result "0-1"]
[Date "2023.04.21"]
[WhiteElo "1502"]
[BlackElo "1939"]
[PlyCount "54"]
[EventDate "2023.04.21"]
[EventType "swiss"]
[EventRounds "7"]
[EventCountry "BRA"]
[SourceTitle "EXT 2024"]
[Source "ChessBase"]
[SourceDate "2023.10.10"]
[SourceVersion "1"]
[SourceVersionDate "2023.10.10"]
[SourceQuality "1"]

1. e4 c5 2. Nf3 Nc6 3. d4 cxd4 4. Nxd4 Nf6 5. Nc3 d6 6. Be2 e6 7. Be3 Be7 8. 0-0 0-0 9. f4 a6 10. a4 Bd7 11. Qe1 Nxd4 12. Bxd4 Bc6 13. Bd3 b5 14. axb5 axb5 15. Rxa8 Qxa8 16. Bxf6 Bxf6 17. e5 Bd8 18. Ne4 h6 19. Rf3 Kh8 20. Rh3 f5 21. exf6 Rxf6 22. Qe2 Qa1+ 23. Kf2 Rxf4+ 24. Kg3 Rf5 25. Nxd6 Rg5+ 26. Kf4 Qc1+ 27. Qe3 e5# 0-1

[Event "Catarinense-ch U20 Girls"]
[White "Jurado, Laura Alves"]
[Black "Nagel, Yasmin Da Silva"]
[Site "Rio Negrinho"]
[Round "3"]
[Result "1-0"]
[Date "2023.03.25"]
[WhiteElo "1253"]
[BlackElo "1510"]
[PlyCount "63"]
[EventDate "2023.03.24"]
[EventType "swiss"]
[EventRounds "6"]
[EventCountry "BRA"]
[SourceTitle "CBM 213 Extra"]
[Source "ChessBase"]
[SourceDate "2023.05.31"]
[SourceVersion "1"]
[SourceVersionDate "2023.05.31"]
[SourceQuality "1"]

1. d4 Nf6 2. Bf4 d5 3. e3 c5 4. c3 Qb6 5. Qb3 c4 6. Qc2 Nc6 7. Nd2 g6 8. e4 e6 9. Ngf3 Nxe4 10. Nxe4 dxe4 11. Nd2 f5 12. Nxc4 Qd8 13. Qb3 g5 14. Be5 Nxe5 15. Nxe5 a6 16. Be2 Bg7 17. Bh5+ Kf8 18. Nf7 Qf6 19. Qb4+ Kg8 20. Nxh8 Bxh8 21. Qd6 g4 22. h3 e3 23. hxg4 exf2+ 24. Kxf2 fxg4+ 25. Kg1 Qg5 26. Qg3 e5 27. Qf2 Be6 28. Rf1 exd4 29. Bf7+ Kg7 30. Bxe6 Qe7 31. Qxd4+ Kg6 32. Qe4+ 1-0

[Event "Florianopolis op 9th"]
[White "Muzzi, Eduardo"]
[Black "Nagel, Yasmin Da Silva"]
[Site "Florianopolis"]
[Round "4"]
[Result "1-0"]
[Date "2023.01.25"]
[WhiteElo "1917"]
[BlackElo "1386"]
[PlyCount "93"]
[EventDate "2023.01.23"]
[EventType "swiss"]
[EventRounds "10"]
[EventCountry "BRA"]
[SourceTitle "CBM 212 Extra"]
[Source "ChessBase"]
[SourceDate "2023.03.31"]
[SourceVersion "1"]
[SourceVersionDate "2023.03.31"]
[SourceQuality "1"]

1. e4 e5 2. Nf3 Nc6 3. Bc4 Bc5 4. b4 Bxb4 5. c3 Ba5 6. d4 exd4 7. 0-0 Nge7 8. Qb3 0-0 9. cxd4 d6 10. Bb2 Ng6 11. Nc3 Bb6 12. Ne2 Na5 13. Qd3 a6 14. d5 Nxc4 15. Qxc4 f6 16. Nfd4 Qe7 17. Ng3 Ne5 18. Qb3 Bxd4 19. Bxd4 Rb8 20. f4 Ng6 21. Rae1 Qd8 22. Qf3 c6 23. Qh5 Bd7 24. Nf5 Be8 25. Qe2 c5 26. Bc3 Bb5 27. Qh5 Bxf1 28. Rxf1 Ne7 29. Ng3 Qe8 30. Qg4 Kh8 31. Rf3 Qc8 32. f5 Ng8 33. Nh5 Qc7 34. Nf4 Nh6 35. Qh4 Rf7 36. Ne6 Qe7 37. Rg3 Rg8 38. Bd2 b5 39. Rh3 b4 40. g4 c4 41. g5 fxg5 42. Bxg5 Qa7+ 43. Be3 Qe7 44. Qg3 Qd7 45. Bd4 c3 46. Rxh6 a5 47. Rxh7+ 1-0

[Event "Florianopolis op 9th"]
[White "Nagel, Yasmin Da Silva"]
[Black "De Siqueira, Luigy Lira"]
[Site "Florianopolis"]
[Round "1"]
[Result "0-1"]
[Date "2023.01.23"]
[WhiteElo "1386"]
[BlackElo "2011"]
[PlyCount "48"]
[EventDate "2023.01.23"]
[EventType "swiss"]
[EventRounds "10"]
[EventCountry "BRA"]
[SourceTitle "CBM 212 Extra"]
[Source "ChessBase"]
[SourceDate "2023.03.31"]
[SourceVersion "1"]
[SourceVersionDate "2023.03.31"]
[SourceQuality "1"]

1. e4 e5 2. Nf3 Nc6 3. Bc4 Bc5 4. c3 Nf6 5. d3 d6 6. h3 0-0 7. 0-0 h6 8. Nbd2 a5 9. a4 Be6 10. Bb3 Qd7 11. Re1 Bb6 12. Nf1 Ne7 13. Ng3 Ng6 14. d4 Rfe8 15. d5 Bxh3 16. gxh3 Qxh3 17. Nh1 Ng4 18. Be3 Bxe3 19. fxe3 Nh4 20. Nxh4 Qh2+ 21. Kf1 Qxh1+ 22. Ke2 Qh2+ 23. Kf3 Qh3+ 24. Ke2 Qxe3+ 0-1

[Event "Santa Catarina-ch U18 Girls"]
[White "Viliczinski, Maria Luiza"]
[Black "Nagel, Yasmin Da Silva"]
[Site "Blumenau"]
[Round "1"]
[Result "0-1"]
[Date "2022.03.25"]
[WhiteElo "1036"]
[BlackElo "1354"]
[PlyCount "70"]
[EventDate "2022.03.25"]
[EventType "swiss"]
[EventRounds "6"]
[EventCountry "BRA"]
[SourceTitle "EXT 2023"]
[Source "ChessBase"]
[SourceDate "2022.10.05"]
[SourceVersion "1"]
[SourceVersionDate "2022.10.05"]
[SourceQuality "1"]

1. d4 d5 2. c4 e6 3. Nc3 Nf6 4. Bf4 a6 5. e3 Be7 6. Bd3 0-0 7. Nge2 Nbd7 8. c5 b6 9. c6 Nb8 10. Qa4 Bd6 11. Bxd6 Qxd6 12. e4 Qxc6 13. Qxc6 Nxc6 14. e5 Nd7 15. 0-0 f6 16. Nf4 Nxd4 17. Nxe6 Nxe6 18. Nxd5 fxe5 19. Rae1 Bb7 20. Bc4 Kh8 21. Re3 Nf4 22. Nxf4 exf4 23. Re7 Rad8 24. Be2 Rfe8 25. Rxe8+ Rxe8 26. Bg4 Nf6 27. Bh3 Re2 28. f3 g5 29. Rf2 Rxf2 30. Kxf2 h5 31. g3 fxg3+ 32. hxg3 g4 33. Bg2 gxf3 34. Bxf3 Bxf3 35. Kxf3 Kg7 0-1

[Event "Florianopolis op 7th"]
[White "Frattini, Beatriz Maria"]
[Black "Nagel, Yasmin Da Silva"]
[Site "Florianopolis"]
[Round "6"]
[Result "1-0"]
[Date "2021.01.21"]
[WhiteElo "1880"]
[BlackElo "1354"]
[PlyCount "73"]
[EventDate "2021.01.18"]
[EventType "swiss"]
[EventRounds "10"]
[EventCountry "BRA"]
[SourceTitle "CBM 200 Extra"]
[Source "ChessBase"]
[SourceDate "2021.03.31"]
[SourceVersion "1"]
[SourceVersionDate "2021.03.31"]
[SourceQuality "1"]

1. e4 e5 2. Nf3 Nc6 3. Bb5 a6 4. Ba4 Nf6 5. 0-0 Be7 6. Re1 d6 7. c3 0-0 8. h3 b5 9. Bc2 Re8 10. d4 Bf8 11. Bg5 h6 12. Bh4 b4 13. Ba4 bxc3 14. Nxc3 Bd7 15. Bxf6 Qxf6 16. Nd5 Qd8 17. Rc1 Nxd4 18. Nxd4 exd4 19. Bxd7 Qxd7 20. Nxc7 Rac8 21. Nxe8 Rxe8 22. Qxd4 Re6 23. Qb6 Rg6 24. Re3 d5 25. Qd4 Rc6 26. Rxc6 Qxc6 27. Rc3 Qb5 28. exd5 Qxb2 29. Rd3 Qb1+ 30. Rd1 Qxa2 31. d6 Qa5 32. d7 Qd8 33. Re1 Be7 34. Rxe7 Qxe7 35. d8Q+ Qxd8 36. Qxd8+ Kh7 37. Qd3+ 1-0